The national environmental plan : abridgement

Saved in:
Bibliographic Details
Corporate Author: Ministerio do Ambiente e Recursos Naturais
Format: Book
Language:English
Published: Lisbon : Instituto de Promocao Ambiental, 1995
Subjects:
Tags: Add Tag
No Tags, Be the first to tag this record!

MARC

LEADER 00000cam a2200000 i 4500
001 1/9713
008 000824s1995 eng d
020 |a 972-9300-64-X 
035 |l 10063167 
040 |a GR-MY-UA  |b gre  |e aacr 
041 0 |a eng 
082 0 |a 363.709469 
245 1 4 |a The national environmental plan :  |b abridgement /  |c Ministerio do Ambiente e Recursos Naturais 
260 |a Lisbon :   |b Instituto de Promocao Ambiental,   |c 1995 
300 |a 87 p.  |b tables 
650 0 0 |a Environmental policy  |z Portugal. 
650 0 0 |a Environmental protection  |z Portugal. 
710 2 |a Ministerio do Ambiente e Recursos Naturais. 
852 |a INST  |b LESVOS  |e 20000824  |h 363.709469 NAT  |p 005100024440  |q 005100024440  |t BK  |y 0 
901 |a BIBL1-2000-2 
909 |a Λ  |b 077261 
970 |z 2000/08/ΧΡΥΣΑΝΘΗ